10 największych miast Estonii na mapie - Statystyki

Ogólne statystyki
  • Ten quiz został rozwiązany 7 razy
  • Średni wynik to 4 z 10
Odpowiedzi na mapie
Odpowiedzi zakodowano w zielono-czerwonej skali na mapie do tego quizu, zgodnie z poniższymi procentami.
 
Statystyki odpowiedzi
Populacja Miasto % Poprawnych
460 tys. Tallinn
100%
30 tys. Kohtla-Järve
50%
50 tys. Narwa
50%
40 tys. Parnawa
50%
12 tys. Sillamäe
50%
100 tys. Tartu
50%
13 tys. Kuressaare
0%
17 tys. Maardu
0%
16 tys. Rakvere
0%
17 tys. Viljandi
0%
Nie znaleziono quizów pasujących do podanych kryteriów
Rozkład punktacji
Procent ludzi z każdym wynikiem
Percentyl według liczby udzielonych odpowiedzi
Twoja historia wyników
Nie rozwiązałeś tego quizu